| 000 | 01484cac a22003611i 4500 | ||
|---|---|---|---|
| 999 |
_c1471 _d1471 |
||
| 003 | EG-ScBUE | ||
| 005 | 20200106132018.0 | ||
| 008 | 190724t2006 nju f d 001 0 eng d | ||
| 020 | _a0131344420 | ||
| 020 | _a9780131344426 | ||
| 040 |
_aEG-ScBUE _beng _erda _cEG-ScBUE _dEG-ScBUE |
||
| 082 | 0 | 4 |
_a803 _bHAR _222 |
| 100 | 1 |
_aHarmon, William, _d1938- _eauthor. |
|
| 245 | 1 | 2 |
_aA handbook to literature / _cWilliam Harmon, University of North Carolina, Chapel Hill ; based on earlier editions by, William Flint Thrall, Addison Hibbard, C. Hugh Holman. |
| 250 | _aTenth edition. | ||
| 264 | 1 |
_aUpper Saddle River, New Jersy : _bPearson Prentice Hall, _c[2006] |
|
| 264 | 4 | _cc 2006 | |
| 300 |
_aix, 675 pages ; _c23 cm |
||
| 336 |
_2rdacontent _atext _btxt |
||
| 337 |
_2rdamedia _aunmediated _bn |
||
| 338 |
_2rdacarrier _avolume _bnc |
||
| 500 | _aIncludes appendix. | ||
| 500 | _aIncludes appendices. | ||
| 520 | _a"A Handbook to Literature, 10th Edition provides an alphabetical listing of important terms and facts in literature including linguistics, rhetoric, criticism, and information technology." | ||
| 590 | _aSHEFAA IBRAHEM | ||
| 650 | 7 |
_aLiterature _vDictionaries. _2BUEsh |
|
| 653 |
_bHHUUEENN _cJuly2019 |
||
| 655 | _vReading book | ||
| 700 | 1 |
_aHolman, C. Hugh _q(Clarence Hugh), _d1914- _eeditor. |
|
| 700 | 1 |
_aThrall, William Flint, _d1880-1941, _eeditor. |
|
| 700 | 1 |
_aHibbard, Addison, _d1887-1945, _eeditor. |
|
| 942 |
_cREFERENCE _k803H2881 _2ddc |
||